Teatro irlandes
Gespeichert in:
| Format: | Buch |
|---|---|
| Sprache: | Spanisch |
| Veröffentlicht: |
Madrid
Aguilar
1963
|
| Schriftenreihe: | Teatro contemporáneo
|
| Schlagworte: | |
| Tags: |
Tag hinzufügen
Keine Tags, Fügen Sie den ersten Tag hinzu!
|
MARC
| LEADER | 00000nam a2200000 a 4500 | ||
|---|---|---|---|
| 001 | UCV9212 | ||
| 003 | CL-VaPUC | ||
| 008 | 920709e19630000SP |||||||||||||||||spa|d | ||
| 082 | 0 | 4 | |a 822 |b TEA |2 21 |
| 245 | 1 | 0 | |a Teatro irlandes |
| 300 | |a 378 p | ||
| 942 | |c BK | ||
| 945 | |d 19920709 00:00:00 | ||
| 260 | |a Madrid |b Aguilar |c 1963 | ||
| 500 | |a Contiene: W.B. Yeats, La condesa Catolina; J.M. Synge, El saltimbanqui del mundo occidental; Lady Gregory, A la salida de la luna; Lord Dunsany, Una noche en la posada; Sean O'Casey, Juno y el pavo real | ||
| 650 | 7 | |a DRAMAS IRLANDESES |2 CL-VaPUC |9 303207 | |
| 583 | |a last modification |c 19920709 00:00:00 |k Rodrigo Vera | ||
| 490 | 0 | |a Teatro contemporáneo | |
| 999 | |c 214583 |d 214581 | ||
| 952 | |0 0 |1 0 |4 0 |6 822_000000000000000_TEA_1963 |7 0 |8 P |9 198136 |a BIBARQ |b BIBARQ |d 2019-11-14 |i 2656914 |o 822 TEA 1963 |p 2656914 |r 2025-01-20 |w 2019-11-14 |y BK |k ARQ | ||